000 00244nam a22001097a 4500
008 170125b xxu||||| |||| 00| 0 eng d
020 _a1285422902
041 _aeng
080 _24TH
_a61
245 _a3-2-1 CODE IT!
_cGREEN, M.A
942 _2udc
_cBK
999 _c3671
_d3671